Identification of the pathogen causing red root disease of rubber trees (Record no. 60675)
[ view plain ]
| 000 -LEADER | |
|---|---|
| fixed length control field | 01246nam a2200169Ia 4500 |
| 100 ## - MAIN ENTRY--AUTHOR NAME | |
| Personal name | Yixian Xie |
| 245 #0 - TITLE STATEMENT | |
| Title | Identification of the pathogen causing red root disease of rubber trees |
| 260 ## - PUBLICATION, DISTRIBUTION, ETC. (IMPRINT) | |
| Name of publisher | Proceedings of IRRDB Symposium 1999, Hainan, Peoples Republic of China. pp.304-312. |
| 520 ## - SUMMARY, ETC. | |
| Summary, etc | The isolates causing red root disease of Hevea brasiliensis was collected from Hainan Island. According to their morphological characteristics, all the isolates were identified as Ganoderma pseudoferreum (wakef.) Over.et steinm, which was the same as the one reported before. However, isolates corresponding to different locations varied in morphology and microstructure, such as basidiocarp, basidiospore characteristic and tube diaphragm, aggressiveness and virulence, response to Tridemorph, growth rate and germination ability of basidiospore. In the light of these differences, these isolates were divided into two types, of which isolate J01 was thought to be a variety of Ganoderma pseudoferreum (wakef.) Over.et steinm. |
| 650 ## - SUBJECT ADDED ENTRY--TOPICAL TERM | |
| Topical Term | Hevea brasiliensis |
| 650 ## - SUBJECT ADDED ENTRY--TOPICAL TERM | |
| Topical Term | Red root disease |
| 700 ## - ADDED ENTRY--PERSONAL NAME | |
| Personal name | Huiqiang Zhang |
| 700 ## - ADDED ENTRY--PERSONAL NAME | |
| Personal name | Xiangshe Wang |
| 700 ## - ADDED ENTRY--PERSONAL NAME | |
| Personal name | Yunqiang Zhang |
| 942 ## - ADDED ENTRY ELEMENTS (KOHA) | |
| Koha item type | Journals |
| Withdrawn status | Lost status | Damaged status | Not for loan | Home library | Current library | Shelving location | Date acquired | Koha item type |
|---|---|---|---|---|---|---|---|---|
| Journals | RRII Library | RRII Library | Pathology | 17/12/2021 | Journals |